Espuma /

Cuentos Cubanos

Guardado en:
書目詳細資料
主要作者: Suárez, Karla (autor)
格式: 圖書
語言:西班牙语
出版: Bogotá, Colombia : Norma, 2002, c2002
叢編:(La Otra Orilla)
主題:
標簽: 添加標簽
沒有標簽, 成為第一個標記此記錄!

MARC

LEADER 00000nam^a2200000^a^4500
001 000163926
005 20250521000000.0
009 20260310100925.456
020 |a 958-04-7014-6 
037 |a Acervo ITESO - Biblioteca 
041 |a ESP 
082 |a 863.  |b SUA 
100 |a Suárez, Karla  |e (autor) 
245 1 0 |a Espuma /  |c K. Suárez. 
264 4 |a Bogotá, Colombia :  |b Norma,  |c 2002, c2002 
300 |a 142 p. 
336 |a texto  |b txt  |2 rdacontenido 
337 |a sin mediación  |b n  |2 rdamedio 
338 |a volumen  |b nc  |2 rdasoporte 
440 4 |a (La Otra Orilla) 
520 |a Cuentos Cubanos 
649 |a XX 
650 |a Literatura Cubana -  |y Siglo XX 
910 |a Fondo General 
920 |a Impresos - Libros 
930 |a Colección General 
940 |a Literatura 
905 |a 101 
901 |a 0500097591  |b IT1  |c LIT  |u 20250521 
902 |a https://opac.biblio.iteso.mx/vufind/Record/000163926